| 000 | 00799nam a2200241 a 4500 | ||
|---|---|---|---|
| 001 | BRCA_1320 | ||
| 005 | 20190320203356.0 | ||
| 008 | 010418s2000 mx-a---##b---f001-0#spa-# | ||
| 020 | _a9683677088 | ||
| 040 |
_aDLC _cDLC |
||
| 050 | 4 |
_aZ994.M4 _b.T67 2000 |
|
| 100 | 1 |
_aTorre Villar, Ernesto de la _94320 |
|
| 245 | 1 | 0 |
_aEx libris y marcas de fuego _cErnesto de la Torre Villar. |
| 250 | _a2 | ||
| 260 |
_aMéxico _bUNAM, Dirección General de Publicaciones y Fomento Editorial _c2000 |
||
| 300 |
_a178 p. _bil. (algunas a color) _c30 cm. |
||
| 440 | 0 |
_aBiblioteca del editor _94321 |
|
| 500 | _aIncluye índice onomástico | ||
| 504 | _aBibliografía: p. 167-170 | ||
| 650 | 1 | 4 |
_aEx-libris _xHistoria _94322 |
| 650 | 1 | 4 |
_aLibros marcados (Marcas de los dueños) _xHistoria _94323 |
| 942 |
_2lcc _cB |
||
| 999 |
_c1184 _d1184 |
||